Movies Quiz

Random Movies or Superhero Quiz

'Avengers: Endgame' Logic Puzzle Quiz Stats

 Plays Quiz not verified by Sporcle

Score 0/16 Timer 06:00
57 Plays Today
Hint Answer % Correct
A1






???
100%
D4






???
82.6%
D1






???
57.2%
B1






???
56.7%
C2






???
46.1%
D2






???
44.8%
B4






???
42%
A2






???
41.5%
Hint Answer % Correct
D3






???
36.5%
C1






???
35.6%
A3






???
35.5%
B2






???
26%
B3






???
25.9%
C3






???
22.3%
C4






???
21.4%
A4






???
20.9%

You're not logged in!

Compare scores with friends on all Sporcle quizzes.
OR
Log In

Show Comments

Extras

Top Quizzes Today


Score Distribution

Your Account Isn't Verified!

In order to create a playlist on Sporcle, you need to verify the email address you used during registration. Go to your Sporcle Settings to finish the process.

Report this User

Report this user for behavior that violates our Community Guidelines.

Details: